The physical universe
The aim of The Physical Universe is to present, as simply and clearly as possible, the essentials of physics, chemistry, earth science, and astronomy to students whose main interests lie eslewhere.
Wedi'i Gadw mewn:
| Prif Awdur: | |
|---|---|
| Fformat: | Llyfr |
| Iaith: | Undetermined |
| Cyhoeddwyd: |
Boston
McGrawHill
2010
|
| Pynciau: | |
| Tagiau: |
Ychwanegu Tag
Dim Tagiau, Byddwch y cyntaf i dagio'r cofnod hwn!
|
| Thư viện lưu trữ: | Trung tâm Học liệu Trường Đại học Cần Thơ |
|---|
| LEADER | 00718nam a2200193Ia 4500 | ||
|---|---|---|---|
| 001 | CTU_180142 | ||
| 008 | 210402s9999 xx 000 0 und d | ||
| 082 | |a 500.2 | ||
| 082 | |b K91 | ||
| 100 | |a Krauskopf, Konrad B. | ||
| 245 | 4 | |a The physical universe | |
| 245 | 0 | |c Konrad B. Krauskopf, Arthur Beiser | |
| 260 | |a Boston | ||
| 260 | |b McGrawHill | ||
| 260 | |c 2010 | ||
| 520 | |a The aim of The Physical Universe is to present, as simply and clearly as possible, the essentials of physics, chemistry, earth science, and astronomy to students whose main interests lie eslewhere. | ||
| 650 | |a Physical sciences,Khoa học vật lý | ||
| 904 | |i Giang | ||
| 980 | |a Trung tâm Học liệu Trường Đại học Cần Thơ | ||